02928cam a2200409 i 4500999001700000001000900017003000900026005001700035008004100052020001800093035002100111040004200132043002100174082002000195100002600215245008300241264005300324264001000377300003900387336002600426337002800452338002700480490003200507500005300539500002000592505016200612520118900774650003401963650005501997650004102052653002502093655002402118906004502142942001202187952015202199952016702351 c28092d2806320767676EG-ScBUE20200215105143.0181130t2019 nyub f 001 0 eng d a9780190625337 a(DGU)ocm00000NEW aDGU/DLCbengerdacDGUdDLCdEG-ScBUE ama-----aa-is---04a956.04bWAX2221 aWaxman, Dov,eauthor.14aThe Israeli-Palestinian conflict :bwhat everyone needs to know /cDov Waxman. 1aNew York, NY :bOxford University Press,c[2019] 4cc2019 axviii, 265 pages :bmaps ;c22 cm. atext2rdacontentbtxt aunmediated2rdamediabn avolume2rdacarrierbnc0 aWhat everyone needs to know aSeries statement taken from publisher's website. aIncludes index.0 aThe basics -- The beginning of the conflict -- The Arab-Israeli wars -- The peace process -- The occupied territories -- Conclusion : the long path to peace. aNo conflict in the world has lasted as long, generated as many news headlines, or incited as much controversy as the Israeli-Palestinian conflict. Yet, despite, or perhaps because of, the degree of international attention it receives, the conflict is still widely misunderstood. While Israelis and Palestinians and their respective supporters trade accusations, many outside observers remain confused by the conflict's complexity and perplexed by the passion it arouses. The Israeli-Palestinian Conflict : What Everyone Needs to Know� offers an even-handed and judicious guide to the world's most intractable dispute. Writing in an engaging, jargon-free Q&A format, Dov Waxman provides clear and concise answers to common questions, from the most basic to the most contentious. Covering the conflict from its nineteenth-century origins to the latest developments of the twenty-first century, this book explains the key events, examines the core issues, and presents the competing claims and narratives of both sides. Readers will learn what the Israeli-Palestinian conflict is all about, how it has evolved over time, and why it continues to defy diplomatic efforts at a resolution. 7aArab-Israeli conflict.2BUEsh 7aPalestinian ArabsxPolitics and government.2BUEsh 7aArab-Israeli conflictxPeace.2BUEsh bBUSBOLcFebruary2020 vReading book934232 a7bcbccorignewd1eecipf20gy-gencatlg 2ddccBB 00102ddc40708AlahramaMAINbMAINc2NDd2020-02-15ePurchaseg230.00h487l0o956.04 WAXp000048661r2025-07-15 00:00:00v287.50w2020-02-15yNB 00102ddc40708AlahramaMAINbMAINc2NDd2020-02-15ePurchaseg230.00h487l2m4o956.04 WAXp000048662r2025-07-15 00:00:00s2023-11-02v287.50w2020-02-15yBB